| 000 | 01237cam a2200205 4500 | ||
|---|---|---|---|
| 001 | ABS65255 | ||
| 008 | 020409n2002 000 0 eng u | ||
| 035 | _a(Sirsi) u117416 | ||
| 100 | 1 | _aAndrew, A. | |
| 245 | 4 | _aThe review of property appraisals | |
| 260 | _c2002 | ||
| 490 |
_aJournal of Property Investment and Finance _v20(1) 2002, 59-67(9) |
||
| 520 | _aIn the current climate of outsourcing services the extent to which facilities managers make use of external contractors to supply property valuations and appraisals has grown significantly. In-house facilities or property managers in the UK that RICS members are bound to use the RICS "Appraisal and valuation manual". Examines the roles of the Red Book for property professionals involved in the review of appraisal reports and contrasts it with the "Uniform standards of professional practice" used in the USA. Concludes that the Red Book in its existing form may inhibit any appraisal review process that any organisation may try to implement. [Taken from journal abstract]. | ||
| 590 | _aABS | ||
| 650 | 2 | 4 | _aRICS APPRAISAL AND VALUATION MANUAL |
| 650 | _aUNITED STATES | ||
| 690 | _aPROPERTY-PROPERTY APPRAISAL AND VALUATION | ||
| 700 | 2 | _aPitt, M. | |
| 942 | _n0 | ||
| 999 |
_c69946 _d69946 |
||